00387 a2200109 4500001000900000005001700009008004100026245009600067100002300163773007400186999001700260ART_567120260410161828.0260409a 10aUna discusión sobre la explotación económica de los recursos narturales no renovables1 aCastellano, Andrea0 tEstudios Económicosg- Vol. 13, Nº 29/30 (ene./dic. 1997)wREV5080 c22939d22939